| 000 | 00489nam a2200169 a 4500 | ||
|---|---|---|---|
| 005 | 20140412111330.0 | ||
| 008 | 030210s19uu xx 00 eng d | ||
| 020 | _a0-307-60069-6 | ||
| 050 |
_aER _bFr91 1989 |
||
| 100 | _aIngoglia, Gina | ||
| 245 |
_aThe friendly duck / _cby Gina Ingoglia ; illustrated by Deborah Borgo. |
||
| 260 |
_aNew York : _bA Golden Book, _c1989. |
||
| 300 | _a1 v. (unp.) ; ill. | ||
| 650 | _aDucks--Fiction | ||
| 650 | _aFriendship-Fiction | ||
| 999 |
_c104906 _d104906 |
||